<?xml version="1.0" encoding="UTF-8"?>
<record
    xmlns:xsi="http://www.w3.org/2001/XMLSchema-instance"
    xsi:schemaLocation="http://www.loc.gov/MARC21/slim http://www.loc.gov/standards/marcxml/schema/MARC21slim.xsd"
    xmlns="http://www.loc.gov/MARC21/slim">

  <leader>00974nam a2200265 a 4500</leader>
  <controlfield tag="003">DO-SdBNP</controlfield>
  <controlfield tag="005">20211001153803.0</controlfield>
  <controlfield tag="007">ta</controlfield>
  <controlfield tag="008">211001e2017    dr a|||grc||| 001 0dspa d</controlfield>
  <datafield tag="040" ind1=" " ind2=" ">
    <subfield code="a">DO-SdBNP</subfield>
    <subfield code="b">spa</subfield>
    <subfield code="c">BNPHU</subfield>
  </datafield>
  <datafield tag="082" ind1=" " ind2="4">
    <subfield code="b">L792o</subfield>
    <subfield code="2">22</subfield>
  </datafield>
  <datafield tag="100" ind1="1" ind2=" ">
    <subfield code="a">Llort, Julio</subfield>
    <subfield code="9">24581</subfield>
  </datafield>
  <datafield tag="245" ind1="0" ind2="3">
    <subfield code="a">El otro Julio Llort:</subfield>
    <subfield code="b">pinturas dibujos /</subfield>
    <subfield code="c">Julio Llort; Marianne de Tolentino, textos; Mariano Hern&#xE1;ndez,  Ariel Martes, fotogr.;</subfield>
  </datafield>
  <datafield tag="260" ind1=" " ind2=" ">
    <subfield code="a">Santo Domingo :</subfield>
    <subfield code="b">Galer&#xED;a Nacional Bellas Artes, Palacio de Bellas Artes,</subfield>
    <subfield code="c">2017</subfield>
  </datafield>
  <datafield tag="300" ind1=" " ind2=" ">
    <subfield code="a">129 p. :</subfield>
    <subfield code="b">il.;</subfield>
    <subfield code="c">28 cm.</subfield>
  </datafield>
  <datafield tag="500" ind1=" " ind2=" ">
    <subfield code="a">Incluye biograf&#xED;a del autor la cubierta.</subfield>
  </datafield>
  <datafield tag="590" ind1=" " ind2=" ">
    <subfield code="a">Inventariado 2021 / MF</subfield>
  </datafield>
  <datafield tag="600" ind1=" " ind2="0">
    <subfield code="9">24581</subfield>
    <subfield code="a">Llort, Julio</subfield>
  </datafield>
  <datafield tag="650" ind1=" " ind2="4">
    <subfield code="a">Pintura </subfield>
    <subfield code="x">Exposiciones</subfield>
    <subfield code="9">80083</subfield>
  </datafield>
  <datafield tag="650" ind1=" " ind2="4">
    <subfield code="a">Arte dominicano </subfield>
    <subfield code="x">Exposiciones</subfield>
    <subfield code="9">54101</subfield>
  </datafield>
  <datafield tag="700" ind1="1" ind2="2">
    <subfield code="9">73333</subfield>
    <subfield code="a">Tolentino, Marianne de,</subfield>
    <subfield code="d">1951-</subfield>
    <subfield code="e">textos.</subfield>
  </datafield>
  <datafield tag="700" ind1="1" ind2="2">
    <subfield code="9">78369</subfield>
    <subfield code="a">Hern&#xE1;ndez, Mariano</subfield>
    <subfield code="e">fotogr.</subfield>
  </datafield>
  <datafield tag="700" ind1="1" ind2="2">
    <subfield code="a">Martes, Ariel,</subfield>
    <subfield code="e">fotogr.</subfield>
    <subfield code="9">80078</subfield>
  </datafield>
  <datafield tag="942" ind1=" " ind2=" ">
    <subfield code="2">ddc</subfield>
    <subfield code="c">LBS1</subfield>
  </datafield>
  <datafield tag="952" ind1=" " ind2=" ">
    <subfield code="0">0</subfield>
    <subfield code="1">0</subfield>
    <subfield code="2">ddc</subfield>
    <subfield code="5">1</subfield>
    <subfield code="7">0</subfield>
    <subfield code="8">PD</subfield>
    <subfield code="a">BNPHU</subfield>
    <subfield code="b">PD</subfield>
    <subfield code="c">HD</subfield>
    <subfield code="d">2018-06-19</subfield>
    <subfield code="e">Donado por la Galer&#xED;a Nacional de Bellas Artes</subfield>
    <subfield code="l">0</subfield>
    <subfield code="o">L792o</subfield>
    <subfield code="p">2021-27116</subfield>
    <subfield code="r">2021-10-01</subfield>
    <subfield code="w">2021-10-01</subfield>
    <subfield code="y">LFPD</subfield>
  </datafield>
  <datafield tag="952" ind1=" " ind2=" ">
    <subfield code="0">0</subfield>
    <subfield code="1">0</subfield>
    <subfield code="2">ddc</subfield>
    <subfield code="5">1</subfield>
    <subfield code="7">0</subfield>
    <subfield code="8">PD</subfield>
    <subfield code="a">BNPHU</subfield>
    <subfield code="b">PD</subfield>
    <subfield code="c">HD</subfield>
    <subfield code="d">2018-06-19</subfield>
    <subfield code="e">Donado por la Galer&#xED;a Nacional de Bellas Artes</subfield>
    <subfield code="l">0</subfield>
    <subfield code="o">L792o</subfield>
    <subfield code="p">2021-27117</subfield>
    <subfield code="r">2021-10-01</subfield>
    <subfield code="t">e.2</subfield>
    <subfield code="w">2021-10-01</subfield>
    <subfield code="y">LFPD</subfield>
  </datafield>
  <datafield tag="952" ind1=" " ind2=" ">
    <subfield code="0">0</subfield>
    <subfield code="1">0</subfield>
    <subfield code="2">ddc</subfield>
    <subfield code="5">6</subfield>
    <subfield code="7">0</subfield>
    <subfield code="8">DS</subfield>
    <subfield code="a">BNPHU</subfield>
    <subfield code="b">GR</subfield>
    <subfield code="c">HD</subfield>
    <subfield code="d">2018-06-19</subfield>
    <subfield code="e">Donado por la Galer&#xED;a Nacional de Bellas Artes</subfield>
    <subfield code="l">0</subfield>
    <subfield code="o">L792o</subfield>
    <subfield code="p">2021-27118</subfield>
    <subfield code="r">2021-10-01</subfield>
    <subfield code="t">e.3</subfield>
    <subfield code="w">2021-10-01</subfield>
    <subfield code="y">LFDS</subfield>
  </datafield>
  <datafield tag="999" ind1=" " ind2=" ">
    <subfield code="c">50680</subfield>
    <subfield code="d">50680</subfield>
  </datafield>
</record>
